| 000 | 00413nam a22001937a 4500 | ||
|---|---|---|---|
| 003 | UA-OsUOA | ||
| 001 | 4410 | ||
| 007 | ta | ||
| 008 | 20050721b un ||||| |||| 00| 0 ukr d | ||
| 100 | _aPchilka | ||
| 700 | _aO. | ||
| 700 | _aKobrynska | ||
| 700 | _aN. | ||
| 942 | _cBK | ||
| 040 |
_aUA-OsUOA _cUA-OsUOA _dUA-OsUOA |
||
| 245 | _aThe Spirit of the Times. V.1. Ukr. Literature. | ||
| 955 | _a2 | ||
| 650 | 7 | _2UDC | |
| 999 |
_c290572 _d290572 |
||